Δήμοι της Ηπείρου με Χάρτη - Statistics

General Stats
  • This quiz has been taken 12 times
  • The average score is 7 of 18
Answers on the Map
Answers color-coded by a green-red scale on the quiz's map according to % correct below.
 
Answer Stats
Δήμος % Correct
Ιωαννιτών
100%
Πρέβεζας
100%
Ηγουμενίτσας
88%
Αρταίων
75%
Μετσόβου
75%
Κόνιτσας
38%
Δωδώνης
25%
Πωγωνίου
25%
Βορείων Τζουμέρκων
13%
Γεωργίου Καραϊσκάκη
13%
Ζαγορίου
13%
Ζηρού
13%
Ζίτσας
13%
Κεντρικών Τζουμέρκων
13%
Νικολάου Σκουφά
13%
Πάργας
13%
Σουλίου
13%
Φιλιατών
13%
No matching quizzes found
Score Distribution
Percent of People with Each Score
Percentile by Number Answered
Your Score History
You have not taken this quiz